MARC

LEADER 00000nam a22000007a 4500
001 28751
003 AGDB
005 20260324181528.0
008 250128b spa||||| |||| 00| 0 cat d
040 |a agdb  |b cat 
041 |a spa 
100 |a Maresma i Pedragosa, Josep  |9 41973 
245 |a Catálogo de artistas con obra en la Diputación Provincial de Barcelona /   |c por: Josep Maresma i Pedragosa 
260 |a [Barcelona :   |b l'autor ;   |c 197?] 
300 |a [250] pàg. ;   |c 30 cm. 
508 |a L'autor, Josep Maresma i Pedragosa, va treballar de catalogador durant la dècada de 1970 al Servei de Catalogació i Conservació de Monuments (SCCM) de la Diputació de Barcelona. 
541 |a Donatiu de Maria Rosa Riverola Ruiz. 
563 |a Consisteix en una carpeta amb fulls mecanografiats. 
610 1 0 |a Barcelona (Catalunya : Província).  |b Diputació  |v Catàlegs  |9 53681 
650 0 |a Objectes d'art  |x Catàlegs   |2 Arxiu  |9 48028 
650 0 |a Catalogació d'art  |2 Arxiu  |9 33760 
650 0 |a Pintura  |x Catàlegs   |2 Arxiu  |9 48321 
650 0 |a Escultura  |x Catàlegs  |9 48323 
942 |2 udc  |c ARXIU  |n 1 
952 |0 0  |1 0  |4 0  |6 BIB1258  |7 1  |9 97731  |a Arxiu  |b Arxiu  |d 2025-01-28  |l 0  |o Bib-1258  |p 28751  |r 2025-01-28 00:00:00  |w 2025-01-28  |y ARXIU 
999 |c 129525  |d 129525